|
|
|
|
| LEADER |
00000nab a2200000 a 4500 |
| 001 |
vtls000686697 |
| 003 |
SK-MaSNL |
| 005 |
20260304084059.0 |
| 008 |
250425c1999 xo 0 slo |
| 015 |
|
|
|a SNBRB1999/02-03561
|
| 035 |
|
|
|a CLN000038864
|
| 035 |
|
|
|a urn:nbn:sk:snk-abip0
|
| 035 |
|
|
|a (urnnbn)urn:nbn:sk:snk:ar-a055s1
|
| 035 |
|
|
|a (uuid)5075bef7-2bef-43f3-86ca-1df25601e01b
|
| 040 |
|
|
|a SNKBUCL
|b slo
|c SNKBUCL
|e AACR2
|
| 041 |
0 |
|
|a slo
|
| 044 |
|
|
|a xo
|c SK
|
| 080 |
|
|
|a 614:061.3
|2 1997
|
| 080 |
|
|
|a 661.12:061.3
|2 1997
|
| 245 |
0 |
0 |
|a Kalendár vybraných veľtrhov a výstav v Európe a v ostatnom svete v roku 1999
|
| 650 |
0 |
7 |
|a zdravotníctvo
|x veľtrhy
|x výstavy
|x 1999
|2 snkbucl
|9 1375974
|
| 650 |
0 |
7 |
|a priemysel farmaceutický
|x veľtrhy
|x výstavy
|x 1999
|2 snkbucl
|9 1375975
|
| 655 |
|
7 |
|a články z novín a časopisov
|2 snkbucl
|9 267496
|
| 773 |
0 |
|
|t Slovenský lekár
|g Roč. 9 (23), č. 1-2 (1999), s. 78
|x 1335-0234
|
| 850 |
|
|
|a Slovenská národná knižnica
|
| 852 |
|
|
|a Slovenská národná knižnica
|
| 954 |
|
|
|a odborná, vedecká literatúra pôvodná (slovenská)
|2 lita
|
| 958 |
|
|
|a article27
|
| 958 |
|
|
|a OND
|
| 958 |
|
|
|a EUIPO
|
| 992 |
|
|
|a RBX
|
| 999 |
|
|
|c 2802016
|d 2803946
|